OVEROVANIE ÚČINNOSTI HNOJIVA DUSLOCOTE NPK(S) 13-9-19+6S

Bibliographic Details
Main Authors: Vozár, Ľuboš (Author), Jančovič, Ján, 1949- (Author), Kovár, Peter (Author), Bačová, Slávka (Author), Tokár, Zdenko (Author)
Format: Article
Language:Slovak
ISBN:9788055206073

MARC

LEADER 00000naa a2200000uu 4500
001 vtls011034076
003 SK-MaSNL
005 20260302124813.0
008 210909|2011 xo |||||||||||||||||slo|
015 |a SNBRA 
035 |a (urnnbn)urn:nbn:sk:snk:ar-008sk7 
035 |a (uuid)7f15057d-d100-4ee8-b1c5-a8219216ea0d 
035 |a urn:nbn:sk:snk-aauoea 
040 |a SNKBUCL  |b slo  |c SNKBUCL  |e AACR2 
041 0 |a slo 
044 |a xo  |c SK 
100 1 |a Vozár, Ľuboš  |4 aut  |9 301679 
245 1 0 |a OVEROVANIE ÚČINNOSTI HNOJIVA DUSLOCOTE NPK(S) 13-9-19+6S  |c Ľuboš VOZÁR, Ján JANČOVIČ, Peter KOVÁR, Slávka BAČOVÁ, Zdenko TOKÁR 
246 3 |a THE EFFECTIVENESS VERIFY OF THE FERTILIZER DUSLOCOTE NPK(S) 13-9-19+6S 
700 1 |a Jančovič, Ján,  |d 1949-  |4 aut  |9 86021 
700 1 |a Kovár, Peter  |4 aut  |9 368518 
700 1 |a Bačová, Slávka  |4 aut  |9 811166 
700 1 |a Tokár, Zdenko  |4 aut  |9 635293 
773 0 |t Trávniky v meniacich sa podmienkach klímy  |d Nitra : Slovenská poľnohospodárska univerzita, 2011  |g S. 27-32  |z 9788055206073 
958 |a OND 
958 |a article12 
958 |a chapter 
999 |c 1290191  |d 1292121